|
|
|
|
| LEADER |
01081nam a2200229 a 4500 |
| 001 |
GR-MES8136 |
| 008 |
020211s1989 gr 000 1 gre|c |
| 020 |
|
|
|a 9602081120
|
| 040 |
|
|
|a GrPaTEI
|b gre
|c GR-PaULI
|
| 100 |
1 |
|
|a Steinbeck, John,
|d 1902-1968.
|
| 240 |
1 |
0 |
|a Moon is down.
|l Ελληνικά
|
| 245 |
1 |
3 |
|a Το φεγγάρι κατέβηκε χαμηλά /
|c Τζών Στάϊνμπεκ ; μετάφραση Κοσμάς Πολίτης.
|
| 260 |
|
|
|a Αθήνα :
|b Σ. Ι. Ζαχαρόπουλος,
|c 1989.
|
| 300 |
|
|
|a 136 σ. ;
|c 18 εκ.
|
| 490 |
0 |
|
|a Κλασική λογοτεχνία ;
|v 81
|
| 500 |
|
|
|a Μετάφραση του: The moon is down.
|
| 650 |
|
4 |
|a Αμερικανική λογοτεχνία.
|
| 700 |
1 |
|
|a Πολίτης, Κοσμάς,
|d 1888-1974
|e μεταφραστής.
|
| 942 |
|
|
|2 ddc
|
| 952 |
|
|
|0 0
|1 0
|2 ddc
|4 0
|6 Ξ_STE
|7 0
|9 278511
|a MSLG
|b MSLG
|c BSC
|d 2021-01-17
|e 24
|f 0
|g 0.00
|l 0
|o Ξ STE
|p 2420000016622
|r 2021-01-17 00:00:00
|t 1
|w 2021-01-17
|y BK15
|x 20020211 0 ΜΑΤΣΙΩΡΗ 1
|x GrPaTEI
|
| 971 |
|
|
|a .b25866060
|b 15-04-20
|c 14-09-16
|
| 999 |
|
|
|c 162063
|d 162063
|